| 000 | 01011nam a2200313 a 4500 | ||
|---|---|---|---|
| 001 | vtls000294348 | ||
| 003 | NLI | ||
| 005 | 20210602131804.0 | ||
| 008 | 101203s1975 enkc 000 j eng | ||
| 020 | _a0236310771 | ||
| 039 | 9 |
_y201012031944 _zVLOAD |
|
| 040 | 0 |
_aNLI _beng _cVERGIS-2010 _eAACR2 |
|
| 041 | 1 |
_aeng _hyid |
|
| 044 | _aenk | ||
| 082 | 0 | 4 | _a892.493 |
| 100 | 1 |
_aPeretz, I. L. _q(Isaac Leib), _d1851-1915 _9455420 |
|
| 245 | 1 | 0 |
_aSelected stories / _cI. L. Peretz |
| 260 |
_aLondon : _bElek, _c1975 |
||
| 300 |
_a159 p. : _bport. ; _c23 cm. |
||
| 600 | 1 | 0 |
_aPeretz, Isaac Leib, _d1851-1915 _9455421 |
| 650 | 0 |
_aJews in literature _9105556 |
|
| 650 | 0 |
_aShort stories, Yiddish _xTranslations into English _9374078 |
|
| 887 | _a | ||
| 901 |
_a419729 _b23.08.1975 |
||
| 902 | _aE 892.493 P 415 s | ||
| 949 |
_AVIRTUAITEM _D10000 _X100 _6PUR000419729ENG |
||
| 942 |
_2ddc _cBKS |
||
| 999 |
_aVIRTUA40 _c252995 _d252995 |
||
| 999 | _aVTLSSORT0080*0200*0400*0410*0440*0820*1000*2450*2600*3000*6000*6500*6501*9010*9020*9490*9991 | ||